| 000 | 00673nam a2200205 a 4500 | ||
|---|---|---|---|
| 001 | 000025754 | ||
| 005 | 20250129182520.0 | ||
| 008 | 110222s1991 dr a r 001 p spa d | ||
| 040 |
_aDO-SdBNP _bspa _cBNPHU |
||
| 082 |
_aRD861.44 _bC433s |
||
| 100 | 1 |
_aChahín, Plinio, _d1959- _924881 |
|
| 245 | 1 | 0 |
_aSolemnidades de la muerte / _cPlinio Chahín. |
| 260 |
_aSanto Domingo : _bAlfa y Omega, _c1991. |
||
| 300 |
_a57 p. : _bil. ; _c23 cm. |
||
| 500 | _aIncluye datos biográficos del autor en la contraportada. | ||
| 590 | _aInventariado, 2018/BT | ||
| 650 | 0 |
_aPoesía dominicana _966 |
|
| 650 | 0 |
_aLiteratura dominicana. _967 |
|
| 910 | _aValidado. Control de calidad. EMS | ||
| 999 |
_c25246 _d25246 |
||